| 000 | 02604nam0a22006131 4500 | ||
|---|---|---|---|
| 001 | RU\NLR\A1SV\57984 | ||
| 005 | 20251203171251.9 | ||
| 035 | _a(NLR Aleph) 009739940 | ||
| 090 |
_a9940184 _c9940184 |
||
| 100 | _a20071219d1923 u y0rusy50 ca | ||
| 101 | 0 | _arus | |
| 102 | _aRU | ||
| 135 | _acogo 008apabr | ||
| 200 | 1 |
_aЗа сто лет _eВоспоминания, ст. и материалы _fПетерб. б. 3-я гимназия, ныне 13 Сов. труд. шк. |
|
| 210 |
_aПг. _c13 Сов. труд. шк. _d1923 |
||
| 215 |
_a[2], IV, 252 с. _d27 см |
||
| 325 | _aКопия доступна в Электрон. б-ке РНБ http://vivaldi.nlr.ru/bx000004155/view | ||
| 327 | 0 | _aАвт.: Н.Г.Устрялов, В.Ф.Эвальд, В.Я.Стоюнин, К.К.Сент-Илер, Л.Н.Модзалевский, Д.И.Писарев, Викт. П.Острогорский, М.Н.Стоюнина, Н.Я.Чистович, В.Г.Дружинин [и др.] | |
| 517 | 1 | _aЗа 100 лет | |
| 620 | _dСанкт-Петербург | ||
| 702 | 1 |
_aУстрялов _bН.Г. |
|
| 702 | 1 |
_aЭвальд _bВ.Ф. |
|
| 702 | 1 |
_aСтоюнин _bВ.Я. |
|
| 702 | 1 |
_aСент-Илер _bК.К. _f1866-1941 _gКонстантин Карлович |
|
| 702 | 1 |
_aМодзалевский _bЛ.Н. |
|
| 702 | 1 |
_aПисарев _bД.И. |
|
| 702 | 1 |
_aОстрогорский _bВ.П. |
|
| 702 | 1 |
_aСтоюнина _bМ.Н. _f1846-1940 _gМария Николаевна |
|
| 702 | 1 |
_aЧистович _bН.Я. _f1860-1926 _gНиколай Яковлевич |
|
| 702 | 1 |
_aДружинин _bВ.Г. _f1859-1937 _gВасилий Григорьевич |
|
| 710 | 0 | 2 | _aЛенинградская советская школа, 13 |
| 801 | 0 |
_aRU _bNLR _c20071219 |
|
| 856 | 0 | _uhttp://vivaldi.nlr.ru/bx000004155/view | |
| 856 | 1 | _uhttp://vivaldi.nlr.ru/bx000004155/cover | |
| 856 | 2 | _uhttp://vivaldi.nlr.ru/bx000004155/text | |
| 899 |
_aРНБ _j37.11.3.12 |
||
| 899 |
_aРНБ _j103/227 |
||
| 899 | _aBSB | ||
| 899 | _aГАРФ | ||
| 899 | _aРКП | ||
| 899 | _aСПбГУ | ||
| 899 | _aСГСПУ | ||
| 899 | _aРГБ | ||
| 899 | _aНБ Эрм. | ||
| 899 | _aМГУ | ||
| 899 | _aRR | ||
| 942 | _cBOOK | ||
| 980 | _aNB | ||
| 980 | _aA1SV | ||
| 980 | _aA1SV | ||
| 981 | 4 | 3 |
_a(43) Тематическая подборка Санкт-Петербург _b(43) Отдельные заведения |
| 981 | 3 | 4 |
_a(34) Санкт-Петербург _b(34) Книги о Санкт-Петербурге |